000
00316nam a22001457a 4500
008
230124b ||||| |||| 00| 0 eng d
020
_a
9781305117860
041
_a
eng
080
_2
7 EDITION
_a
51
082
_a
51LAR
100
_a
22
101
_a
MATE
245
_a
COLLEGE ALGEBRA
_c
LARSON R
942
_2
udc
_c
BK
999
_c
59268
_d
59268